An investigation into transferring of lexical meaning in “Chicken soup for the soul” series translated from English into Vietnamese /
Salvato in:
| Autore principale: | |
|---|---|
| Natura: | Sconosciuto |
| Lingua: | English |
| Pubblicazione: |
2011.
|
| Soggetti: | |
| Tags: |
Aggiungi Tag
Nessun Tag, puoi essere il primo ad aggiungerne! !
|
| Thư viện lưu trữ: | Mạng thư viện Đại học Đà Nẵng |
|---|
| LEADER | 01261na a2200325 4500 | ||
|---|---|---|---|
| 001 | 000032033 | ||
| 003 | 7999 | ||
| 005 | 20230302091059.0 | ||
| 008 | 151001s2011 000 eng | ||
| 040 | |a LNN | ||
| 041 | |a eng | ||
| 082 | |a 420.4 |b HÔ-N | ||
| 100 | |a Hồ Thị Hoài Nhân | ||
| 245 | 3 | |a An investigation into transferring of lexical meaning in “Chicken soup for the soul” series translated from English into Vietnamese / |c Hồ Thị Hoài Nhân. | |
| 260 | |c 2011. | ||
| 300 | |a 55tr. : mh ; 30cm. | ||
| 650 | |a An investigation into transferring of lexical meaning in “Chicken soup for the soul” series translated from English into Vietnamese | ||
| 852 | |c Luận văn sinh viên | ||
| OWN | |a LNN | ||
| AVA | |a UDN50 |b LNN |c English |d 420.4 HÔ-N |e available |t Error 5001 Not defined in file expand_doc_bib_avail. |f 1 |g 0 |h N |i 0 |j AN |k 1 | ||
| 999 | |a From the UDN01 | ||
| AVA | |a UDN50 |b LNN |c English |d 420.4 HÔ-N |e available |t Error 5001 Not defined in file expand_doc_bib_avail. |f 1 |g 0 |h N |i 0 |j AN |k 1 | ||
| TYP | |a Printed language | ||
| 980 | |a Mạng thư viện Đại học Đà Nẵng | ||